000 01485cam a22004694i 4500
003 PE-LiUPU
005 20250731173512.0
008 150710s r 000 0 d
020 _a0385068085
035 _a(Sirsi) i9780385068086
040 _aPE-LiUPU
_bspa
_cPE-LiUPU
_erda
049 _aPRUA
082 0 4 _a220.7
_bAB1984
_221
100 1 _aMcCarter, P. Kyle,
_eautor.
245 1 0 _aII Samuel.9 /
_cP. Kyle McCarter.
264 1 _aNew York :
_bThe Anchor Bible Doubleday,
_c1984.
300 _a553 páginas ;
_c24 cm.
336 _atext
_2rdacontent
337 _aunmediated
_2rdamedia
338 _avolume
_2rdacarrier
490 0 _aThe Anchor Bible ;
_v9
504 _aIncluye bibliografía.
505 0 _aTranslation -- Textual notes -- Notes -- Comments.
526 _aSEG42
526 _aSEG41
526 _aSEG40
526 _aSEG39
526 _aP94
526 _aP87
526 _aP86
526 _aP85
526 _aP77
526 _aP76
526 _aP35
630 _aBiblia
_pA.T.
_pSamuel II
_xComentarios.
942 _2ddc
_cBOOK
949 _a220.7 AB 9 1984
_wDEWEY
_c1
_i41139
_lCCODEBUL1
_mBUL
_r0
_sY
_tBOOK
_u2015-7-10
_xTEOLOGIA
_PP35
_0COMPRA
_o.STAFF. Colección General
994 _aC0
_bPEPRU
596 _a1
999 _a220.7 AB 9 1984
_wDEWEY
_c58947
_i41139
_d58947
_f2021-11-9
_g5
_lCCODEBUL1
_mBUL
_q1
_r0
_sY
_tBOOK
_u2015-7-10
_xTEOLOGIA
_PP35
_0COMPRA
_o.STAFF. Colección General
980 _81
_gALBERTO SANCHEZ Responsable de Automatización